000 00619nam a22002057a 4500
999 _c10062
_d10062
003 AR-CdUCM
008 190329b ||||| |||| 00| 0 spa d
040 _aMUNICIPALIDAD PROVINCIAL DEL CUSCO
_cBIBLIOTECA MUNICIPAL DEL CUSCO
082 _a868.5 /
_bV16 / 1940
100 _aValera , Juan
_97796
245 _aEl comendador Mendoza :
_bnovela /
260 _aBuenos Aires :
_bSopena Argentina,
_c1940.
300 _a159 páginas ;
_c22 cm.
440 _aBiblioteca mundial Sopena
_910296
505 _aNovela
650 _aLiteratura Argentina
_984
650 _aNovela
_95
942 _2ddc
_cLIBROS
945 _aacv